| 000 | 00604nam a22002177a 4500 | ||
|---|---|---|---|
| 003 | UA-OsUOA | ||
| 001 | 75753 | ||
| 007 | ta | ||
| 008 | 20110530b un ||||| |||| 00| 0 ukr d | ||
| 090 |
_a821.161.2 _bВ39 |
||
| 942 | _cBK | ||
| 040 |
_aUA-OsUOA _bukr _cUA-OsUOA _dUA-OsUOA |
||
| 245 |
_aВечерниці _bоповідання М.Гоголя |
||
| 300 | _a40 с. | ||
| 955 | _a3 | ||
| 041 | _aukr | ||
| 080 | _a821.161.2 | ||
| 260 |
_aЛьвів _bД-ня т-ва ім. Шевченка _c1885 |
||
| 650 | 7 |
_a82 Література. Літературознавство _2UDC |
|
| 999 |
_c362055 _d362055 |
||